Les églises contenant les plus hautes nefs - Statistiques

Statistiques générales
  • Ce quiz a été pris 46 fois
  • Le résultat moyen est 3 sur 15
Statistiques - réponses
Pays Hauteur de nef Nom de l'église % Correct
Vatican 46 m Basilique Saint-Pierre
66%
Allemagne 43,35 m Cathédrale de Cologne
41%
France 48,5 m Cathédrale de Beauvais
39%
Espagne 45 m Sagrada Família
39%
France 42,3 m Notre-Dame d'Amiens
20%
France 41,41 m Cathédrale de Metz
17%
Espagne 42 m Cathédrale de Séville
10%
Allemagne 41 m Cathédrale d'Ulm
10%
Italie 45 m Dôme de Milan
10%
France 41 m Cathédrale de Narbonne
7%
Brésil 40 m Basilique Notre-Dame d'Aparecida
5%
Italie 45 m Basilique San Petronio
0%
Allemagne 38,75 m Église Sainte-Marie
0%
Turquie 38 m Église Sainte-Sophie
0%
Espagne 44 m Palma de Majorque
0%
Aucun quiz correspondant
Distribution des résultats
% des personnes avec chaque résultat
Percentile par nombre de réponses
Votre historique - résultats
Vous n’avez pas pris ce quiz